000 00431 a2200097 4500
020 _a9788126426805
100 _aPunathil Kunjabdulla
245 _aMarunninu polum thikayatha jeevitham: punathilinte vaidhyanubhavangal(മരുന്നിനുപോലും തികയാത്ത ജീവിതം : പുനത്തിലിൻറെ വൈദ്യാനുഭവങ്ങൾ)
260 _bD C books
_c2025
942 _cOO
999 _c115357
_d115356